Normal view
MARC view
- Douglas Holgate
Entry Personal Name
001 - CONTROL NUMBER
- control field: 86190
003 - CONTROL NUMBER IDENTIFIER
- control field: OSt
005 - DATE AND TIME OF LATEST TRANSACTION
- control field: 20250327110223.0
008 - FIXED-LENGTH DATA ELEMENTS
- fixed length control field: 250327|| aca||aabn | a|a d
040 ## - CATALOGING SOURCE
- Original cataloging agency: OSt
- Transcribing agency: OSt
100 ## - HEADING--PERSONAL NAME
- Personal name: Douglas Holgate
670 ## - SOURCE DATA FOUND
- Source citation: Work cat.: (OSt)48742: Brallier's Max. 86186, The last comics on earth:, 2023.